000 00437nam a2200145Ia 4500
008 100122s9999 xx 000 0 und d
082 _b19061
_a823
100 _aदेवकुळे ज ग
245 _aजुगारी प्यादी
260 _bसुरेश राऊत
_c1972
300 _a112
630 _aजुगारी प्यादी
730 _aजुगारी प्यादी
942 _cBOOK
999 _c408211
_d408208